000 00492nam a2200193 a 4500
001 1770711733614
003 YourLibrary
005 20260210141030.0
008 260210s2007##################000#0#eng##
020 _a9781841694283
082 0 4 _a306.44
_bFIE
100 1 _aFiedler, Klaus,
_eauthor.
245 1 0 _aSocial Communication :
260 _bTaylor & Francis US,
_c2007.
300 _a464 pages
650 0 _aHistory.
942 _cENGLISH
040 _aYourLibrary
_beng
_cYourLibrary
999 _c611286
_d611286